| 000 | 00702nam a2200193 i 4500 | ||
|---|---|---|---|
| 001 | 187837 | ||
| 003 | SpMaBN | ||
| 005 | 20231228173811.0 | ||
| 008 | 180312s1939 sp a |||| | spa d | ||
| 080 | _a75:069(460.27 M.)Prado | ||
| 100 | 1 |
_aOrs, Eugenio d', _d1881-1954 _987358 |
|
| 245 | 1 | 0 |
_aTres horas en el Museo del Prado _b: itinerario estético / _cEugenio d'Ors. |
| 250 | _a4ª ed. renovada. | ||
| 260 |
_aMadrid : _bEdiciones Españolas, _c[1939] ( _fAldus, S.A.) |
||
| 300 |
_a189 p. : _bil. ; _c15 cm. |
||
| 610 | 2 | 4 |
_aMuseo Nacional del Prado. _9160001 |
| 852 |
_aES-MaACL _jL-31901 _z. - Donat. herederos de la bibl. de Mª del Pilar Costa Palacín |
||
| 999 |
_c187837 _d187837 |
||